Normal view
MARC view
- Maulana Muhammad Ashraf Ali Thanvi
Entry Personal Name
001 - CONTROL NUMBER
- control field: 125861
003 - CONTROL NUMBER IDENTIFIER
- control field: NUST
005 - DATE AND TIME OF LATEST TRANSACTION
- control field: 20240912185207.0
008 - FIXED-LENGTH DATA ELEMENTS
- fixed length control field: 240912|| aca||aabn | a|a d
040 ## - CATALOGING SOURCE
- Original cataloging agency: NUST
- Transcribing agency: NUST
100 ## - HEADING--PERSONAL NAME
- Personal name: Maulana Muhammad Ashraf Ali Thanvi
670 ## - SOURCE DATA FOUND
- Source citation: Work cat.: (NUST): Maulana Muhammad Ashraf Ali Thanvi, Deen-u-Duniya, 1995.
